[Event "Corus A"]
[Site "Wijk aan Zee NED"]
[Date "2005.01.26"]
[Round "10"]
[White "Topalov, V."]
[Black "Polgar, Ju"]
[Result "0-1"]
[WhiteElo "2757"]
[BlackElo "2728"]
[PlyCount "106"]
[EventDate "2005.01.15"]

1. d4 Nf6 2. c4 e6 3. Nf3 b6 4. g3 Ba6 5. b3 Bb4+ 6. Bd2 Be7 7. Nc3 O-O 8. Rc1
d5 9. cxd5 Nxd5 10. Nxd5 exd5 11. Bg2 Re8 12. Rc2 Bd6 13. Bg5 Bb4+ 14. Kf1 f6
15. Bf4 Nd7 16. Ne1 c6 17. Nd3 Bxd3 18. Qxd3 Rc8 19. Bh3 g6 20. a3 Bf8 21. e3
Qe7 22. Bg4 g5 23. Qf5 gxf4 24. gxf4 (24. Qxd7 Qe4 25. Rg1 Qxc2 26. Bf5 Qd1+
27. Kg2 Qh5 28. Be6+ Kh8 29. Bf7) 24... Kh8 25. Rg1 Rc7 26. Bf3 Nb8 27. Rg3 Qd6
28. b4 b5 29. Rc1 a5 30. bxa5 Qxa3 31. Rc5 Rg7 32. Bh5 Rd8 33. Qxf6 Qxa5 34.
Rc2 b4 35. Ra2 Qc7 36. Be2 Qe7 37. Qf5 Qe4 38. Qxe4 dxe4 39. Ra8 b3 40. Bc4 b2
41. Ba2 c5 42. dxc5 b1=Q+ 43. Bxb1 Rd1+ 44. Kg2 Rxb1 45. Ra4 Re7 46. Rg5 Nc6
47. Ra6 Re6 48. h4 Be7 49. f5 Rf6 50. Rg4 Rb4 51. Ra8+ Rf8 52. Rxf8+ Bxf8 53.
f6 Ne5 0-1